| 000 | 01031nam a22002057a 4500 | ||
|---|---|---|---|
| 003 | JO-AjAnu | ||
| 005 | 20240629110743.0 | ||
| 008 | 231211b jo ||||| |||| 00| 0 ara d | ||
| 040 |
_aJO-AjAnu _bARA _cJO-AjAnu |
||
| 041 | _aARA | ||
| 050 | _aK3240 2023 | ||
| 100 | 1 |
_aالعنانبة، سوار العسل فيصل _964924 _eمعد |
|
| 245 | 0 | 0 |
_aدراسة قانونية عن التدخل الانساني ومبدا سيادة الدولة = A Legal Study on Hummanitarian Intervention and The Principle of State Sovereignty / _cاعداد سوار العسل فيصل العنانبة ؛ اشراف طلال ياسين العيسى |
| 260 | _c2023 | ||
| 300 | _a97 ورقة | ||
| 504 | _a رسالة جامعية (ماجستير) .- جامعة عجلون الوطنية (عجلون، الأردن)، كليةالحقوق، قسم القانون، 2019. | ||
| 650 | 7 | 0 |
_aسيادة الدولة - حقوق الانسان _964928 |
| 700 | 1 |
_aالعيسى، طلال ياسين _964930 _eمشرف |
|
| 942 |
_2lcc _cTHS _n0 |
||
| 999 |
_c33276 _d33276 |
||